Sejarah sebagai hakim muktamad
| Main Author: | |
|---|---|
| Corporate Author: | |
| Format: | Book |
| Published: |
Selangor :
Strategic Information Research Development ,
2004
|
| Subjects: |
MARC
| LEADER | 00000cam a2200000 7i4500 | ||
|---|---|---|---|
| 001 | 0000015076 | ||
| 005 | 20080313.0 | ||
| 008 | 080313 | ||
| 020 | |a 9832535336 | ||
| 090 | 0 | 0 | |a 320.9595 |b LEE |
| 100 | 0 | |a Lee, Ban Chen | |
| 245 | 1 | 0 | |a Sejarah sebagai hakim muktamad |c Lee Ban Chen |
| 260 | |a Selangor : |b Strategic Information Research Development , |c 2004 | ||
| 650 | 0 | |a Malaysia |x History | |
| 650 | 0 | |a Malaysia |x Politics and goverment | |
| 650 | 0 | |a Politics and goverment | |
| 710 | 1 | |a Title | |
| 999 | |a 0001011890 |b Book |c Adult Collection |e Perbadanan Perpustakaan Awam Johor | ||